| 000 | 00590nam a22001937a 4500 | ||
|---|---|---|---|
| 003 | BD-DhJNU | ||
| 005 | 20250320062312.0 | ||
| 008 | 250320b |||||||| |||| 00| 0 eng d | ||
| 020 | _a0534057543 | ||
| 040 |
_aBD-DhJNU _bENG _cBD-DhJNU _dBD-DhJNU |
||
| 082 |
_223 _a158.1 |
||
| 100 | _aYates, Brian T. | ||
| 245 |
_aApplications in self-management / _cBrian T. Yates |
||
| 260 |
_aCalifornia : _bWadsworth Publishing Company, _c1986. |
||
| 300 |
_axii, 349 p. : _bill. ; _c25 cm. |
||
| 504 | _aincludes bibliographical reference and index | ||
| 650 | _aSelf Management | ||
| 942 |
_2ddc _cBK _n0 |
||
| 999 |
_c1521 _d1521 |
||